[Event "Grand Prix Finals ABCD"]
[Site "Winnipeg CAN"]
[Date "2007.11.20"]
[Round "3"]
[White "Green, Aaron"]
[Black "Gibbons, Lorne"]
[Result "1/2-1/2"]
[WhiteElo "1567"]
[BlackElo "1307"]
[PlyCount "99"]
[GameId "2160767910566172"]
[EventDate "2007.11.06"]
[EventType "swiss"]
[EventRounds "6"]
[EventCountry "CAN"]
[SourceTitle "EXT 2022"]
[Source "ChessBase"]
[SourceDate "2021.10.06"]
[SourceVersion "1"]
[SourceVersionDate "2021.10.06"]
[SourceQuality "1"]

1. e4 Nc6 2. d4 e5 3. d5 Nce7 4. Nf3 d6 5. c4 f5 6. Nc3 Bd7 7. Bd3 Nf6 8. Qc2 g6 9. O-O fxe4 10. Nxe4 Bg7 11. Bg5 Nxe4 12. Bxe4 O-O 13. Nd2 Bf6 14. Bxf6 Rxf6 15. f3 Bf5 16. b4 Qd7 17. Rf2 Raf8 18. Raf1 h5 19. c5 Bxe4 20. fxe4 Rxf2 21. Rxf2 Rxf2 22. Kxf2 c6 23. dxc6 Qxc6 24. Qb3+ Kf8 25. cxd6 Qxd6 26. Qc3 Qb6+ 27. Kf1 Nc6 28. a3 Qd4 29. Qxd4 Nxd4 30. Nc4 Nc2 31. b5 b6 32. a4 Ke7 33. Nxe5 Ne3+ 34. Ke2 Nxg2 35. Nc6+ Kd7 36. Nxa7 g5 37. Nc6 g4 38. Kf2 Nf4 39. Kg3 Nd3 40. Kh4 Nc5 41. Kxh5 Nxe4 42. Kxg4 Nc5 43. h4 Nxa4 44. h5 Nc3 45. Na7 Ke7 46. Kg5 Kf7 47. h6 Nd5 48. Nc8 Nc7 49. Nd6+ Kg8 50. Nc8 1/2-1/2

[Event "Grand Prix Finals ABCD"]
[Site "Winnipeg CAN"]
[Date "2007.11.20"]
[Round "3"]
[White "Lauritson, Jim"]
[Black "Pottinger, Carl"]
[Result "1-0"]
[WhiteElo "1947"]
[BlackElo "1886"]
[PlyCount "111"]
[GameId "2160767910566173"]
[EventDate "2007.11.06"]
[EventType "swiss"]
[EventRounds "6"]
[EventCountry "CAN"]
[SourceTitle "EXT 2022"]
[Source "ChessBase"]
[SourceDate "2021.10.06"]
[SourceVersion "1"]
[SourceVersionDate "2021.10.06"]
[SourceQuality "1"]

1. d4 Nf6 2. c4 e6 3. Nf3 d5 4. Bg5 dxc4 5. e3 b5 6. a4 c6 7. Be2 Bb7 8. axb5 cxb5 9. b3 Bb4+ 10. Kf1 Bd5 11. bxc4 bxc4 12. Qa4+ Nc6 13. Ne5 Qb6 14. f3 O-O 15. Bxf6 gxf6 16. Nd7 Qa5 17. Nxf8 Qxa4 18. Rxa4 Bxf8 19. Bxc4 Bxc4+ 20. Rxc4 Nb4 21. Ke2 a5 22. Rhc1 a4 23. Rc8 Ra6 24. Na3 Na2 25. Ra1 Nb4 26. Rc4 Nd5 27. g3 Kg7 28. Nb5 Nb4 29. e4 Ra5 30. Na3 Rh5 31. h4 Ra5 32. Nc2 Nxc2 33. Rxc2 Bd6 34. f4 a3 35. Rc3 h5 36. Ra2 Ra4 37. Kd3 e5 38. fxe5 fxe5 39. d5 Rd4+ 40. Ke3 Rd1 41. Rd3 Re1+ 42. Kf3 Rf1+ 43. Ke2 Rg1 44. Raxa3 Bxa3 45. Rxa3 Rg2+ 46. Kf3 Rd2 47. Ke3 Rd1 48. Rd3 Rg1 49. Kf2 Ra1 50. d6 Ra8 51. d7 Rd8 52. Kf3 f6 53. g4 hxg4+ 54. Kxg4 Kf7 55. Kf5 Ke7 56. h5 1-0

[Event "Grand Prix Finals ABCD"]
[Site "Winnipeg CAN"]
[Date "2007.11.20"]
[Round "3"]
[White "Liu, Weixi"]
[Black "Booth, Kevin"]
[Result "1-0"]
[WhiteElo "1920"]
[BlackElo "1806"]
[PlyCount "36"]
[GameId "2160767910566174"]
[EventDate "2007.11.06"]
[EventType "swiss"]
[EventRounds "6"]
[EventCountry "CAN"]
[SourceTitle "EXT 2022"]
[Source "ChessBase"]
[SourceDate "2021.10.06"]
[SourceVersion "1"]
[SourceVersionDate "2021.10.06"]
[SourceQuality "1"]

1. d4 Nf6 2. c4 g6 3. Nc3 d5 4. Nf3 Bg7 5. Bg5 c6 6. e3 O-O 7. cxd5 cxd5 8. Bd3 h6 9. Bh4 b6 10. O-O Bb7 11. Rc1 Nbd7 12. Qa4 e6 13. Qb3 Rc8 14. Rc2 g5 15. Bg3 Re8 16. Rfc1 Nb8 17. Na4 Rxc2 18. Rxc2 b5 1-0

[Event "Grand Prix Finals ABCD"]
[Site "Winnipeg CAN"]
[Date "2007.11.20"]
[Round "3"]
[White "Van Wyk, Joseph"]
[Black "Silva, T Romero"]
[Result "1-0"]
[WhiteElo "2006"]
[BlackElo "1775"]
[PlyCount "69"]
[GameId "2160767910574367"]
[EventDate "2007.11.06"]
[EventType "swiss"]
[EventRounds "6"]
[EventCountry "CAN"]
[SourceTitle "EXT 2022"]
[Source "ChessBase"]
[SourceDate "2021.10.06"]
[SourceVersion "1"]
[SourceVersionDate "2021.10.06"]
[SourceQuality "1"]

1. e4 c5 2. c3 e6 3. d4 a6 4. Nf3 Qc7 5. g3 b6 6. Bg2 Bb7 7. d5 exd5 8. exd5 d6 9. Bg5 f6 10. Bf4 Nd7 11. O-O O-O-O 12. b4 g5 13. Be3 Ne7 14. bxc5 Nxc5 15. c4 Nf5 16. Bh3 h5 17. Bxf5+ Kb8 18. Nc3 Bc8 19. Bxc8 Qxc8 20. Nd4 Rd7 21. Na4 Rb7 22. Rb1 b5 23. cxb5 axb5 24. Nc3 b4 25. Nc6+ Kc7 26. Rxb4 g4 27. Qc2 Rxb4 28. Nxb4 h4 29. Nc6 f5 30. Nb5+ Kb7 31. Rb1 Qd7 32. Bxc5 dxc5 33. Qa4 Qh7 34. Qa7+ Kc8 35. Qb8+ 1-0

[Event "Grand Prix Finals ABCD"]
[Site "Winnipeg CAN"]
[Date "2007.12.11"]
[Round "4"]
[White "Booth, Kevin"]
[Black "Wiebe, Daniel"]
[Result "0-1"]
[WhiteElo "1806"]
[BlackElo "1713"]
[PlyCount "72"]
[GameId "2160767910574368"]
[EventDate "2007.11.06"]
[EventType "swiss"]
[EventRounds "6"]
[EventCountry "CAN"]
[SourceTitle "EXT 2022"]
[Source "ChessBase"]
[SourceDate "2021.10.06"]
[SourceVersion "1"]
[SourceVersionDate "2021.10.06"]
[SourceQuality "1"]

1. d4 d5 2. c4 c6 3. cxd5 cxd5 4. Nc3 Nf6 5. Nf3 Nc6 6. Bf4 a6 7. e3 e6 8. a3 Nh5 9. Bg3 Bd7 10. Bd3 Nxg3 11. hxg3 Qb6 12. Qc2 Rc8 13. Rxh7 Rxh7 14. Bxh7 g6 15. Ng5 Be7 16. Nxf7 Kxf7 17. Bxg6+ Kg7 18. Bh7 Be8 19. O-O-O Na7 20. Rh1 Nb5 21. Bg8 Bxa3 22. Qh7+ Kf8 23. Qh6+ Ke7 24. Qg5+ Kd6 25. Qe5+ Kd7 26. Rh7+ Be7 27. Rh6 Rc6 28. Kd1 Nxc3+ 29. bxc3 Qb1+ 30. Ke2 Qc2+ 31. Kf3 Qd1+ 32. Kf4 Bd6 33. Bxe6+ Kd8 34. Qxd6+ Rxd6 35. Ke5 Kc7 36. Rh7+ Kc6 0-1

[Event "Grand Prix Finals ABCD"]
[Site "Winnipeg CAN"]
[Date "2007.12.11"]
[Round "4"]
[White "Gannon, Keith"]
[Black "Liu, Weixi"]
[Result "1/2-1/2"]
[WhiteElo "1667"]
[BlackElo "1920"]
[PlyCount "66"]
[GameId "2160767910574369"]
[EventDate "2007.11.06"]
[EventType "swiss"]
[EventRounds "6"]
[EventCountry "CAN"]
[SourceTitle "EXT 2022"]
[Source "ChessBase"]
[SourceDate "2021.10.06"]
[SourceVersion "1"]
[SourceVersionDate "2021.10.06"]
[SourceQuality "1"]

1. e4 e6 2. Nf3 d5 3. exd5 exd5 4. d4 Bd6 5. Bd3 Ne7 6. O-O O-O 7. b3 c6 8. c4 b6 9. Re1 Bb7 10. Ba3 Bxa3 11. Nxa3 Nd7 12. Qe2 Re8 13. Qc2 h6 14. Rad1 c5 15. Nb5 Nf6 16. dxc5 bxc5 17. cxd5 a6 18. Nc3 Nexd5 19. Rxe8+ Qxe8 20. Nxd5 Nxd5 21. Qxc5 Rc8 22. Qd4 Nc3 23. Re1 Qf8 24. Bf5 Rc7 25. Qe5 Nd5 26. Qe8 g6 27. Qxf8+ Kxf8 28. Bd3 Nc3 29. a4 Bxf3 30. gxf3 a5 31. Kg2 Nd5 32. Bc4 Nb4 33. Re5 Ra7 1/2-1/2

[Event "Grand Prix Finals ABCD"]
[Site "Winnipeg CAN"]
[Date "2007.12.11"]
[Round "4"]
[White "Green, Aaron"]
[Black "Gibson, Fred"]
[Result "1-0"]
[WhiteElo "1567"]
[BlackElo "1352"]
[PlyCount "45"]
[GameId "2160767910574370"]
[EventDate "2007.11.06"]
[EventType "swiss"]
[EventRounds "6"]
[EventCountry "CAN"]
[SourceTitle "EXT 2022"]
[Source "ChessBase"]
[SourceDate "2021.10.06"]
[SourceVersion "1"]
[SourceVersionDate "2021.10.06"]
[SourceQuality "1"]

1. e4 e5 2. Nf3 Nc6 3. Bb5 d6 4. d4 a6 5. Bxc6+ bxc6 6. dxe5 Bg4 7. exd6 Bxd6 8. O-O Ne7 9. h3 Bxf3 10. Qxf3 O-O 11. Rd1 Ng6 12. b3 Nh4 13. Qe2 Qe7 14. Bb2 Ng6 15. Nd2 Ne5 16. Nf3 f6 17. Nd4 Nf7 18. Nf5 Qe6 19. Qg4 Ng5 20. f3 Kh8 21. h4 g6 22. Nxd6 Qxg4 23. fxg4 1-0

[Event "Grand Prix Finals ABCD"]
[Site "Winnipeg CAN"]
[Date "2007.12.11"]
[Round "4"]
[White "Magnusson, Saul"]
[Black "Gibbons, Lorne"]
[Result "1-0"]
[WhiteElo "1420"]
[BlackElo "1307"]
[PlyCount "95"]
[GameId "2160767910574371"]
[EventDate "2007.11.06"]
[EventType "swiss"]
[EventRounds "6"]
[EventCountry "CAN"]
[SourceTitle "EXT 2022"]
[Source "ChessBase"]
[SourceDate "2021.10.06"]
[SourceVersion "1"]
[SourceVersionDate "2021.10.06"]
[SourceQuality "1"]

1. e4 d6 2. d4 e5 3. Nf3 Bg4 4. dxe5 Bxf3 5. Qxf3 dxe5 6. Bc4 Qf6 7. Qb3 b6 8. Nc3 c6 9. Be3 Nd7 10. O-O-O Nc5 11. Bxc5 Bxc5 12. Rd3 Nh6 13. Rhd1 O-O 14. Rf3 Qg5+ 15. Kb1 Qxg2 16. Ne2 b5 17. Rg3 Qxf2 18. Bd3 Qxh2 19. Rdg1 Bxg1 20. Rxg1 a6 21. Qc3 Rac8 22. a3 c5 23. Rg3 c4 24. Qxe5 Qh1+ 25. Rg1 Qxg1+ 26. Nxg1 cxd3 27. cxd3 Rfe8 28. Qg3 f6 29. Nh3 Nf7 30. Nf4 g6 31. Nd5 Re6 32. Nc7 Rce8 33. Nxe6 Rxe6 34. Qb8+ Kg7 35. Qb7 h5 36. d4 g5 37. Qd5 Rd6 38. Qc5 h4 39. Kc2 Kh6 40. Qf5 Kg7 41. Kd3 Nh6 42. Qc8 Kg6 43. Qe8+ Nf7 44. Qg8+ Kh5 45. Qxf7+ Kg4 46. Qc7 Rxd4+ 47. Kxd4 h3 48. Ke3 1-0

[Event "Grand Prix Finals ABCD"]
[Site "Winnipeg CAN"]
[Date "2007.12.11"]
[Round "4"]
[White "Pottinger, Carl"]
[Black "Silva, T Romero"]
[Result "0-1"]
[WhiteElo "1886"]
[BlackElo "1775"]
[PlyCount "31"]
[GameId "2160767910574372"]
[EventDate "2007.11.06"]
[EventType "swiss"]
[EventRounds "6"]
[EventCountry "CAN"]
[SourceTitle "EXT 2022"]
[Source "ChessBase"]
[SourceDate "2021.10.06"]
[SourceVersion "1"]
[SourceVersionDate "2021.10.06"]
[SourceQuality "1"]

1. c4 e5 2. g3 c6 3. Bg2 d5 4. cxd5 cxd5 5. d3 Be6 6. Nc3 Nc6 7. Bd2 Rc8 8. Nf3 f6 9. O-O d4 10. Na4 b5 11. Rc1 bxa4 12. Qxa4 Bd7 13. Qa6 Qb6 14. Qc4 Nge7 15. b4 Nd8 16. Qb3 0-1

[Event "Grand Prix Finals ABCD"]
[Site "Winnipeg CAN"]
[Date "2007.12.11"]
[Round "4"]
[White "Van Wyk, Joseph"]
[Black "Lauritson, Jim"]
[Result "0-1"]
[WhiteElo "2006"]
[BlackElo "1947"]
[PlyCount "77"]
[GameId "2160767910574373"]
[EventDate "2007.11.06"]
[EventType "swiss"]
[EventRounds "6"]
[EventCountry "CAN"]
[SourceTitle "EXT 2022"]
[Source "ChessBase"]
[SourceDate "2021.10.06"]
[SourceVersion "1"]
[SourceVersionDate "2021.10.06"]
[SourceQuality "1"]

1. e4 c5 2. c3 Nf6 3. e5 Nd5 4. d4 cxd4 5. cxd4 e6 6. Nc3 Nxc3 7. bxc3 Qc7 8. Bd2 b6 9. f4 Bb7 10. Nf3 Be7 11. Bd3 d6 12. O-O Nd7 13. exd6 Qxd6 14. f5 O-O 15. fxe6 Qxe6 16. Qc2 g6 17. Rae1 Qd6 18. Bh6 Rfe8 19. Qe2 Nf6 20. Ne5 Bf8 21. Bg5 Bg7 22. Qf2 Re6 23. Qh4 Qd5 24. Re2 Rxe5 25. dxe5 Qxd3 26. Rd2 Qxc3 27. exf6 Bf8 28. Rfd1 Qc5+ 29. Kh1 Qc6 30. Qh3 h5 31. Qd7 Qe4 32. Qd4 Qc6 33. Re2 Qb5 34. Qe5 Qc6 35. Rc1 Qa4 36. Rc7 Bb4 37. Rc1 Rd8 38. Rg1 Bc6 39. h4 0-1

[Event "Grand Prix Finals ABCD"]
[Site "Winnipeg CAN"]
[Date "2007.12.04"]
[Round "5"]
[White "Gannon, Keith"]
[Black "Booth, Kevin"]
[Result "1-0"]
[WhiteElo "1667"]
[BlackElo "1806"]
[PlyCount "103"]
[GameId "2160767910574374"]
[EventDate "2007.11.06"]
[EventType "swiss"]
[EventRounds "6"]
[EventCountry "CAN"]
[SourceTitle "EXT 2022"]
[Source "ChessBase"]
[SourceDate "2021.10.06"]
[SourceVersion "1"]
[SourceVersionDate "2021.10.06"]
[SourceQuality "1"]

1. e4 d6 2. d4 Nf6 3. Nd2 g6 4. Ngf3 Bg7 5. Be2 Nbd7 6. O-O c5 7. c3 O-O 8. Re1 cxd4 9. cxd4 b6 10. Bc4 e6 11. Qe2 Bb7 12. Ba6 Qc8 13. Bxb7 Qxb7 14. a4 h6 15. b4 Kh7 16. Ba3 Rfc8 17. b5 d5 18. e5 Ne8 19. Rec1 Rxc1+ 20. Rxc1 Rc8 21. Rxc8 Qxc8 22. Qd3 Bf8 23. Bxf8 Nxf8 24. Qa3 Kg7 25. h4 a6 26. bxa6 Qxa6 27. Qb3 Nc7 28. g3 b5 29. axb5 Nxb5 30. Qb2 Nd7 31. Kg2 Qa4 32. Nb3 Qb4 33. Qc2 Qc3 34. Qxc3 Nxc3 35. Kf1 f6 36. exf6+ Kxf6 37. Ke1 Nb6 38. Kd2 Ne4+ 39. Ke2 Nc4 40. Nc1 Kf5 41. Nd3 Nc3+ 42. Ke1 Ke4 43. Nde5 Nxe5 44. Nxe5 Kxd4 45. Nxg6 e5 46. g4 Ke4 47. h5 d4 48. g5 d3 49. gxh6 Nb1 50. Kd1 d2 51. h7 Kd3 52. Nxe5+ 1-0

[Event "Grand Prix Finals ABCD"]
[Site "Winnipeg CAN"]
[Date "2007.12.04"]
[Round "5"]
[White "Gibson, Fred"]
[Black "Gibbons, Lorne"]
[Result "1-0"]
[WhiteElo "1352"]
[BlackElo "1307"]
[PlyCount "53"]
[GameId "2160767910574375"]
[EventDate "2007.11.06"]
[EventType "swiss"]
[EventRounds "6"]
[EventCountry "CAN"]
[SourceTitle "EXT 2022"]
[Source "ChessBase"]
[SourceDate "2021.10.06"]
[SourceVersion "1"]
[SourceVersionDate "2021.10.06"]
[SourceQuality "1"]

1. e4 e5 2. Nf3 f6 3. d4 exd4 4. Nxd4 Bc5 5. Bc4 Bxd4 6. Qxd4 Nc6 7. Qd5 Ne5 8. Bb3 Ne7 9. Qd1 b6 10. Nc3 Ba6 11. Bh6 Kf8 12. Be3 c6 13. Qd6 Rc8 14. O-O-O c5 15. Be6 Rc6 16. Qxd7 Nxd7 17. Rxd7 Qb8 18. Rhd1 Rc8 19. Nd5 Nxd5 20. R1xd5 Bb5 21. R7d6 Re8 22. g3 Bc4 23. Bf4 Bxd5 24. Rxd5 Qb7 25. Rd7 Qxe4 26. Bd6+ Re7 27. Rd8# 1-0

[Event "Grand Prix Finals ABCD"]
[Site "Winnipeg CAN"]
[Date "2007.12.04"]
[Round "5"]
[White "Green, Aaron"]
[Black "Magnusson, Saul"]
[Result "0-1"]
[WhiteElo "1567"]
[BlackElo "1420"]
[PlyCount "97"]
[GameId "2160767910574376"]
[EventDate "2007.11.06"]
[EventType "swiss"]
[EventRounds "6"]
[EventCountry "CAN"]
[SourceTitle "EXT 2022"]
[Source "ChessBase"]
[SourceDate "2021.10.06"]
[SourceVersion "1"]
[SourceVersionDate "2021.10.06"]
[SourceQuality "1"]

1. e4 d5 2. exd5 Qxd5 3. Nc3 Qd6 4. Nf3 a6 5. Be2 Nf6 6. d3 b5 7. a3 Bb7 8. Be3 e6 9. h3 Be7 10. O-O O-O 11. Qc1 c5 12. Bf4 Qb6 13. Be3 Nbd7 14. Rd1 Rfe8 15. d4 Rad8 16. Ne5 cxd4 17. Bxd4 Bc5 18. Nxd7 Rxd7 19. Bxc5 Qxc5 20. Rxd7 Nxd7 21. Qe3 Qxe3 22. fxe3 Ne5 23. Rd1 Rc8 24. Na2 Bd5 25. Nb4 Bc4 26. Rd2 Bxe2 27. Rxe2 Nc4 28. c3 a5 29. Nd3 Kf8 30. Kf2 Rd8 31. Ne1 Rd1 32. Nf3 e5 33. Re1 Nxb2 34. Nxe5 f6 35. Re2 Na4 36. Nc6 Nxc3 37. Rc2 Nb1 38. Nxa5 Rd2+ 39. Rxd2 Nxd2 40. Ke2 Nb1 41. Nb3 Nxa3 42. Kd3 Ke7 43. Nd2 Kd6 44. Kc3 Ke5 45. Kd3 Kd5 46. g3 Nc4 47. e4+ Kc5 48. Nxc4 bxc4+ 49. Kc3 0-1

[Event "Grand Prix Finals ABCD"]
[Site "Winnipeg CAN"]
[Date "2007.12.04"]
[Round "5"]
[White "Lipnowski, Samuel"]
[Black "Khedkar, Jay S"]
[Result "1-0"]
[WhiteElo "2292"]
[BlackElo "1930"]
[PlyCount "67"]
[GameId "2160767910574377"]
[EventDate "2007.11.06"]
[EventType "swiss"]
[EventRounds "6"]
[EventCountry "CAN"]
[SourceTitle "EXT 2022"]
[Source "ChessBase"]
[SourceDate "2021.10.06"]
[SourceVersion "1"]
[SourceVersionDate "2021.10.06"]
[SourceQuality "1"]

1. e4 c5 2. Nf3 d6 3. c3 Nf6 4. Bd3 e6 5. Bc2 Be7 6. d4 cxd4 7. cxd4 Nc6 8. Nc3 d5 9. e5 Nd7 10. O-O b6 11. a3 Ba6 12. Re1 Rc8 13. Be3 Na5 14. Nd2 b5 15. Qg4 Kf8 16. Bd3 h5 17. Qe2 Nc4 18. Nxc4 bxc4 19. Bc2 Qb6 20. Rab1 Rd8 21. f4 Qa5 22. f5 exf5 23. Bxf5 Nxe5 24. dxe5 d4 25. Bd2 Bc5 26. Kh1 dxc3 27. Bxc3 Qb6 28. e6 Re8 29. Qf3 Re7 30. exf7 Bb7 31. Qg3 Bd4 32. Rxe7 Kxe7 33. Re1+ Kxf7 34. Bxd4 1-0

[Event "Grand Prix Finals ABCD"]
[Site "Winnipeg CAN"]
[Date "2007.12.04"]
[Round "5"]
[White "Van Wyk, Joseph"]
[Black "Pottinger, Carl"]
[Result "1-0"]
[WhiteElo "2006"]
[BlackElo "1886"]
[PlyCount "55"]
[GameId "2160767910574379"]
[EventDate "2007.11.06"]
[EventType "swiss"]
[EventRounds "6"]
[EventCountry "CAN"]
[SourceTitle "EXT 2022"]
[Source "ChessBase"]
[SourceDate "2021.10.06"]
[SourceVersion "1"]
[SourceVersionDate "2021.10.06"]
[SourceQuality "1"]

1. e4 c5 2. c3 d5 3. exd5 Qxd5 4. d4 Nf6 5. Nf3 Bg4 6. Be2 e6 7. Be3 Nc6 8. dxc5 O-O-O 9. b4 Qf5 10. Qa4 Kb8 11. b5 Bxf3 12. gxf3 Ne5 13. c6 a6 14. Nd2 Nd5 15. bxa6 Nxc6 16. Rb1 Rd7 17. O-O Nxe3 18. fxe3 Qc5 19. Nc4 Be7 20. Rb5 Qa7 21. Rfb1 Nd8 22. Nb6 Rc7 23. Qd4 Bf6 24. Nd7+ Ka8 25. axb7+ Nxb7 26. Nxf6 gxf6 27. Rb6 Kb8 28. Ba6 1-0

[Event "Grand Prix Finals ABCD"]
[Site "Winnipeg CAN"]
[Date "2007.11.27"]
[Round "6"]
[White "Booth, Kevin"]
[Black "Liu, Weixi"]
[Result "0-1"]
[WhiteElo "1806"]
[BlackElo "1920"]
[PlyCount "54"]
[GameId "2160767910574380"]
[EventDate "2007.11.06"]
[EventType "swiss"]
[EventRounds "6"]
[EventCountry "CAN"]
[SourceTitle "EXT 2022"]
[Source "ChessBase"]
[SourceDate "2021.10.06"]
[SourceVersion "1"]
[SourceVersionDate "2021.10.06"]
[SourceQuality "1"]

1. d4 d5 2. c4 c6 3. cxd5 cxd5 4. Nc3 Nf6 5. g3 Nc6 6. Bg2 e6 7. Nf3 Bd6 8. O-O a6 9. e3 O-O 10. a3 Bd7 11. b4 Na7 12. Bb2 Nb5 13. Nxb5 Bxb5 14. Re1 Rc8 15. Rc1 Qe7 16. Bf1 Bc4 17. Nd2 b5 18. e4 Bxf1 19. Kxf1 Rxc1 20. Qxc1 dxe4 21. Nxe4 Nxe4 22. Rxe4 Qb7 23. Qb1 f5 24. Re1 f4 25. g4 Qh1+ 26. Ke2 Qg2 27. Rg1 f3+ 0-1

[Event "Grand Prix Finals ABCD"]
[Site "Winnipeg CAN"]
[Date "2007.11.27"]
[Round "6"]
[White "Gibbons, Lorne"]
[Black "Green, Aaron"]
[Result "0-1"]
[WhiteElo "1307"]
[BlackElo "1567"]
[PlyCount "60"]
[GameId "2160767910574381"]
[EventDate "2007.11.06"]
[EventType "swiss"]
[EventRounds "6"]
[EventCountry "CAN"]
[SourceTitle "EXT 2022"]
[Source "ChessBase"]
[SourceDate "2021.10.06"]
[SourceVersion "1"]
[SourceVersionDate "2021.10.06"]
[SourceQuality "1"]

1. d4 Nf6 2. c4 g6 3. b3 d5 4. c5 Bg7 5. Bb2 c6 6. Nf3 O-O 7. Qc2 Bf5 8. Qc1 Na6 9. a3 Nc7 10. Nbd2 h5 11. Nh4 e6 12. f3 g5 13. Nxf5 exf5 14. g3 g4 15. f4 Re8 16. h3 Ne4 17. Nxe4 Rxe4 18. Qd2 Qe7 19. hxg4 hxg4 20. b4 Re8 21. Rh2 Re3 22. Rg2 Rb3 23. Qc2 Qe3 24. Bc1 Qc3+ 25. Qxc3 Rxc3 26. Bd2 Bxd4 27. Ra2 Rb3 28. Bc1 Rb1 29. Kd1 Be3 30. Rc2 Nb5 0-1

[Event "Grand Prix Finals ABCD"]
[Site "Winnipeg CAN"]
[Date "2007.11.27"]
[Round "6"]
[White "Khedkar, Jay S"]
[Black "Boron, Anthony"]
[Result "0-1"]
[WhiteElo "1930"]
[BlackElo "2028"]
[PlyCount "114"]
[GameId "2160767910574382"]
[EventDate "2007.11.06"]
[EventType "swiss"]
[EventRounds "6"]
[EventCountry "CAN"]
[SourceTitle "EXT 2022"]
[Source "ChessBase"]
[SourceDate "2021.10.06"]
[SourceVersion "1"]
[SourceVersionDate "2021.10.06"]
[SourceQuality "1"]

1. d4 Nf6 2. Nf3 d5 3. c4 c6 4. Nc3 e6 5. e3 Nbd7 6. Bd3 dxc4 7. Bxc4 b5 8. Bd3 a6 9. O-O c5 10. b3 cxd4 11. exd4 Bb7 12. Bb2 Bb4 13. Ne5 O-O 14. Qe2 Rc8 15. Ne4 Bxe4 16. Bxe4 Nxe4 17. Qxe4 Nf6 18. Qb7 Rc2 19. Nd3 Bc3 20. Bxc3 Rxc3 21. Nb4 Qxd4 22. Nxa6 Rc2 23. Rad1 Rd2 24. Rxd2 Qxd2 25. Qxb5 Qxa2 26. b4 Nd5 27. Qb7 Qc4 28. b5 h6 29. Nb8 Rc8 30. Nc6 Rc7 31. Qb8+ Kh7 32. Ne5 Qc5 33. Qe8 Re7 34. Qc6 Qd4 35. Qd6 Rb7 36. Nf3 Qc4 37. Ne5 Qxb5 38. g3 Qb2 39. Nxf7 Rxf7 40. Qxe6 Qb7 41. Qe4+ g6 42. Qe6 Qd7 43. Qxd7 Rxd7 44. Kg2 Nf6 45. Ra1 Kg7 46. Ra2 Ng4 47. Re2 Kf6 48. Kg1 Kf5 49. Kg2 Ne5 50. Kg1 g5 51. Kg2 g4 52. h3 h5 53. hxg4+ hxg4 54. Ra2 Rd1 55. Ra5 Rd4 56. Ra1 Rd2 57. Ra5 Rd1 0-1

[Event "Grand Prix Finals ABCD"]
[Site "Winnipeg CAN"]
[Date "2007.11.27"]
[Round "6"]
[White "Magnusson, Saul"]
[Black "Gibson, Fred"]
[Result "1-0"]
[WhiteElo "1420"]
[BlackElo "1352"]
[PlyCount "39"]
[GameId "2160767910574383"]
[EventDate "2007.11.06"]
[EventType "swiss"]
[EventRounds "6"]
[EventCountry "CAN"]
[SourceTitle "EXT 2022"]
[Source "ChessBase"]
[SourceDate "2021.10.06"]
[SourceVersion "1"]
[SourceVersionDate "2021.10.06"]
[SourceQuality "1"]

1. e4 c5 2. Nf3 d6 3. d4 cxd4 4. Nxd4 Nf6 5. Nc3 g6 6. Nd5 Nxd5 7. Bb5+ Bd7 8. exd5 Bxb5 9. Nxb5 Qa5+ 10. Nc3 Bg7 11. Bd2 Nd7 12. O-O O-O 13. Re1 Rfe8 14. Kh1 Nb6 15. Qf3 Nc4 16. Bc1 Rac8 17. Qh3 Rc5 18. Qd7 Rc7 19. Qxe8+ Bf8 20. Bh6 1-0

[Event "Grand Prix Finals ABCD"]
[Site "Winnipeg CAN"]
[Date "2007.11.27"]
[Round "6"]
[White "Silva, T Romero"]
[Black "Van Wyk, Joseph"]
[Result "0-1"]
[WhiteElo "1775"]
[BlackElo "2006"]
[PlyCount "134"]
[GameId "2160767910574385"]
[EventDate "2007.11.06"]
[EventType "swiss"]
[EventRounds "6"]
[EventCountry "CAN"]
[SourceTitle "EXT 2022"]
[Source "ChessBase"]
[SourceDate "2021.10.06"]
[SourceVersion "1"]
[SourceVersionDate "2021.10.06"]
[SourceQuality "1"]

1. d4 d5 2. c4 e6 3. a3 Nf6 4. Nf3 c5 5. e3 Nc6 6. dxc5 Bxc5 7. b4 Be7 8. cxd5 Nxd5 9. Be2 Bf6 10. Ra2 O-O 11. O-O b6 12. Rd2 Qe7 13. Bb5 Ne5 14. Nxe5 Bxe5 15. Bc6 Bb7 16. Bxb7 Qxb7 17. Qf3 a5 18. b5 Rac8 19. Bb2 Bxb2 20. Rxb2 Rc5 21. a4 Rfc8 22. Nd2 Qc7 23. h3 Qe5 24. Rbb1 Rc2 25. Nb3 Nc3 26. Ra1 Qd5 27. Qxd5 Nxd5 28. Nd4 R2c4 29. Nc6 Kf8 30. Ne5 Re4 31. Nc6 Nc3 32. Nd4 Rc4 33. g3 Rxa4 34. Rxa4 Nxa4 35. Ra1 Nc3 36. Kf1 Re5 37. Rc1 Rc5 38. Nb3 Rc7 39. Nxa5 bxa5 40. b6 Rb7 41. Rxc3 Rxb6 42. Rc8+ Ke7 43. Ra8 Rb5 44. Ke2 Rb2+ 45. Kd3 Rxf2 46. Rxa5 Rf3 47. Rh5 Rxg3 48. Rxh7 Kf6 49. Ke2 Rg6 50. Kf3 Rh6 51. Rxh6+ gxh6 52. Kf4 e5+ 53. Kg3 Kg5 54. Kf3 Kh4 55. Kg2 h5 56. Kh2 Kg5 57. Kg3 h4+ 58. Kf2 f5 59. Kf3 e4+ 60. Kg2 f4 61. exf4+ Kxf4 62. Kf2 e3+ 63. Ke2 Ke4 64. Ke1 Kf3 65. Kf1 Kg3 66. Ke2 Kxh3 67. Kf3 e2 0-1

[Event "Grand Prix Finals ABCD"]
[Site "Winnipeg CAN"]
[Date "2007.11.27"]
[Round "6"]
[White "Wiebe, Daniel"]
[Black "Gannon, Keith"]
[Result "1-0"]
[WhiteElo "1713"]
[BlackElo "1667"]
[PlyCount "61"]
[GameId "2160767910574386"]
[EventDate "2007.11.06"]
[EventType "swiss"]
[EventRounds "6"]
[EventCountry "CAN"]
[SourceTitle "EXT 2022"]
[Source "ChessBase"]
[SourceDate "2021.10.06"]
[SourceVersion "1"]
[SourceVersionDate "2021.10.06"]
[SourceQuality "1"]

1. e4 c5 2. Nf3 d6 3. d4 cxd4 4. Nxd4 Bd7 5. Bc4 Nf6 6. Nc3 Nc6 7. Bg5 e6 8. Ndb5 Bc8 9. Bf4 e5 10. Bg5 Be6 11. Bxe6 fxe6 12. Bxf6 gxf6 13. Qh5+ Ke7 14. O-O-O Nd4 15. Nxd4 exd4 16. Rxd4 Qe8 17. Qb5 Bh6+ 18. Kb1 Qc8 19. Rhd1 Bf4 20. g3 Be5 21. Rc4 Qb8 22. Ne2 f5 23. exf5 exf5 24. f4 Bf6 25. Qxf5 b5 26. Re4+ Kf7 27. Qd7+ Kg6 28. Rxd6 Rd8 29. f5+ Kg5 30. h4+ Kh6 31. Rxf6+ 1-0

[Event "Hamilton op"]
[Site "Hamilton CAN"]
[Date "2007.08.18"]
[Round "1"]
[White "Assaripallam, Inigo Francis"]
[Black "Armstrong, Robert J"]
[Result "1-0"]
[WhiteElo "2093"]
[BlackElo "1808"]
[PlyCount "59"]
[GameId "2160767910579824"]
[EventDate "2007.08.18"]
[EventType "swiss"]
[EventRounds "5"]
[EventCountry "CAN"]

1. d4 g6 2. c4 Bg7 3. Nc3 d6 4. e4 Nf6 5. f3 O-O 6. Be3 Nbd7 7. Bd3 c5 8. Nge2 cxd4 9. Bxd4 Nc5 10. O-O Bd7 11. b4 Nxd3 12. Qxd3 h6 13. f4 Bg4 14. Be3 Qc7 15. Nd5 Nxd5 16. cxd5 b6 17. e5 Bd7 18. b5 Rad8 19. Qd4 a5 20. h4 Bf5 21. g4 g5 22. gxf5 Rc8 23. e6 gxf4 24. Ng3 fxe6 25. Kf2 e5 26. Rh1 a4 27. Kf3 Rb8 28. Ke4 f3 29. Rh3 h5 30. Kxf3 1-0